Statistics for European Countries In Danish

Click here to take the quiz!

General Stats

  • This quiz has been taken 59 times
  • The average score is 18 of 20

Answer Stats

HintAnswer% Correct
ItalienItaly
100%
NorgeNorway
100%
PolenPoland
100%
RuslandRussia
100%
AlbanienAlbania
98%
FrankrigFrance
98%
IslandIceland
98%
SpanienSpain
98%
KroatienCroatia
96%
ØstrigAustria
93%
GrækenlandGreece
93%
SchweizSwitzerland
93%
SverigeSweden
91%
NordmakedonienNorth Macedonia
85%
Det Forenede KongerigeUnited Kingdom
80%
VatikanetVatican City
80%
UngarnHungary
76%
HvideruslandBelarus
74%
TysklandGermany
70%
TjekkietCzechia
67%

Score Distribution

Percentile by Number Answered

Percent of People with Each Score

Your Score History

You have not taken this quiz